[Event "XVIII Najdorf Open 2018"]
[Site "Warsaw"]
[Date "2018.07.14"]
[Round "7"]
[White "Salem, AR Saleh"]
[Black "Buksa, Nataliya"]
[Result "1/2-1/2"]
[WhiteElo "2642"]
[BlackElo "2337"]
[Annotator "TA"]
[PlyCount "142"]
[EventDate "2018.07.08"]
[EventCountry "POL"]
[SourceTitle "playchess.com"]
[Source "ChessBase"]
[SourceQuality "1"]

{[%evp 14,142,0,-6,31,20,54,53,52,50,54,43,54,56,43,44,71,60,75,54,80,80,79,90,96,68,96,87,139,139,125,125,153,139,172,166,176,147,147,149,164,158,159,159,204,202,178,161,140,156,165,166,170,179,221,221,237,222,315,320,315,310,281,260,268,269,261,247,232,240,604,409,360,245,241,226,209,206,189,0,0,0,730,731,711,694,734,726,701,690,660,267,325,304,306,283,263,0,0,0,273,255,207,247,233,235,456,456,851,808,712,710,733,36,29986,0,0,0,0,0,0,0,0,0,0,0,0,0,0,0,0]} 1. d4 Nf6 2. c4 e6 3. Nf3 d5 4. g3 Nc6 5. cxd5 exd5 6. Bg2 Bb4+ 7. Nc3 {[%cal Bb1c3,Bc3a4,Ba4c5][%mdl 32]} O-O 8. O-O {LiveBook: 8 Games} Ne7 {E20: Nimzo-Indian: 4 g3 and 4 f3} (8... Ne4 9. Bd2 Re8 10. Rc1 Bg4 11. Nxe4 dxe4 12. Bxb4 exf3 13. exf3 Be6 14. Bc3 Bxa2 15. b3 Qd5 16. f4 Qxb3 {1-0 (26) Yermolinsky,A (2519)-Brown,M (2364) Las Vegas 2014}) 9. Qb3 Ba5 $146 ({Predecessor:} 9... Bxc3 10. bxc3 b6 11. Bf4 Ng6 12. Bd2 Re8 13. Rfe1 Bf5 14. Rac1 Qd7 15. c4 c6 16. Bc3 {1-0 (84) Burkardt,B-Koch,S Prutting 1991}) 10. Bg5 c6 {White is slightly better.} 11. Bxf6 gxf6 12. Na4 Bc7 13. Rfc1 Rb8 14. e3 Bf5 15. Nc5 Qc8 16. Qd1 Re8 17. b4 a6 18. a4 Bd6 19. Qf1 Qd8 20. Nh4 Bg6 (20... Bg4 $142) 21. Bh3 $16 Kg7 22. Ra2 {[%cal Ba1a2,Ba2b2,Bb2d2,Bd2d4][%mdl 32]} a5 23. b5 Bxc5 24. Rxc5 Qd6 25. Rb2 b6 26. Rc3 c5 27. dxc5 bxc5 28. Rd2 Qb6 29. Qc1 c4 30. Qa3 Rbd8 31. Rd4 Be4 32. Bg2 $1 Bxg2 33. Kxg2 (33. Nxg2 $6 Nf5 $16) 33... Qe6 34. Rc1 Ng6 35. Qc3 Ne5 (35... Nxh4+ $142 36. Rxh4 Qb6 37. Rg4+ Kh8) 36. Rcd1 $18 (36. Qxa5 Ra8 $16) 36... Nd3 37. R1xd3 cxd3 38. Qxa5 Rc8 39. Qd2 Rc4 {Hoping for ...Rxd4.} 40. Qxd3 Rxd4 41. Qxd4 {[%mdl 4096] Endgame KQR-KQN} Qd7 $2 (41... Rb8 42. Qa7 Rd8) 42. Qd3 Ra8 43. Nf5+ Kh8 44. Qc2 Rc8 45. Qb1 $1 {a5 is the strong threat.} Ra8 46. Qc2 $2 (46. e4 $18) 46... Rc8 $11 47. Qd3 {Strongly threatening a5.} Rc4 $2 {[%mdl 8192]} (47... Ra8 $11) 48. Qa3 $1 $18 {[%cal Ra3f8]} Kg8 49. Nd4 Qe8 {If only Black now had time for ...Qe4+....} 50. a5 Qe4+ 51. f3 Qb1 52. Qd6 (52. Qb3 $142 Qe1 53. a6) 52... Rxd4 53. exd4 {KQ-KQ} Qc2+ 54. Kh3 Qf5+ 55. Kg2 $2 (55. g4 $1 $18 {[%cal Rg4f5]} Qxf3+ 56. Kh4) 55... Qc2+ $11 56. Kh3 $2 {[%mdl 8192]} (56. Kf1 $11 Qd1+ 57. Kg2 Qd2+ 58. Kg1 Qe1+ 59. Kg2 Qd2+ 60. Kh3 Qh6+ 61. Kg2 Qd2+) 56... Qf5+ $18 57. g4 $1 {[%cal Rg4f5,Bg3g4,Bg4g5][%mdl 32]} Qxf3+ 58. Kh4 Qf2+ 59. Qg3 $1 {[%cal Rg3f2]} ({Not} 59. Kh5 Qf1 $16) 59... Qd2 $2 {[#]} (59... Qxd4 60. Kh3 Kg7) 60. g5 $1 {[%cal Rg5f6]} Qxd4+ (60... f5 $142 61. Qb8+ Kg7 62. Qe5+ Kg8) 61. Kh5 f5 62. b6 {White threatens b7 and mate.} Qb2 63. Qd6 $2 ({White has to play} 63. h3 $18 Kg7 64. Qe1) 63... Qf2 $2 {[%mdl 8192]} (63... Qg2 $14 64. Qg3 Qb2) 64. Qd8+ $2 (64. h4 {mates} Qb2 65. a6 Qd4 66. Qd8+ Kg7 {[#]} 67. Qf6+ $1 {[%mdl 512]} Qxf6 68. gxf6+ Kxf6 69. a7) 64... Kg7 $11 {[%cal Rf2h2] The position is equal.} 65. Qf6+ Kg8 {[%cal Rf2h2]} 66. Qd8+ Kg7 {[%cal Rf2h2]} 67. Qf6+ Kg8 {[%cal Rf2h2]} 68. h4 Qf4 $1 {[%cal Rf4g4]} 69. Qd8+ Kg7 {[%csl Gf5][%cal Rf4g4]} 70. Qf6+ Kg8 {( -> ...Qg4+)} 71. Qd8+ Kg7 {Precision: White = 74%, Black = 38%.} 1/2-1/2

[Event "XVIII Najdorf Open 2018"]
[Site "Warsaw"]
[Date "2018.07.14"]
[Round "7"]
[White "Tomczak, Jacek"]
[Black "Mista, Aleksander"]
[Result "0-1"]
[WhiteElo "2600"]
[BlackElo "2595"]
[Annotator "TA"]
[PlyCount "96"]
[EventDate "2018.07.08"]
[EventCountry "POL"]
[SourceTitle "playchess.com"]
[Source "ChessBase"]
[SourceQuality "1"]

{[%evp 18,96,8,10,12,0,0,0,0,0,0,0,0,0,0,0,0,0,0,0,4,-168,-152,-159,-159,-159,-164,-166,-176,-232,-237,-233,-213,-237,-212,-210,-254,-604,-304,-649,-625,-713,-691,-636,-477,-958,-791,-1172,-1112,-1083,-1067,-1352,-1254,-5285,-519,-6281,-6264,-5097,-3064,-29965,-29967,-29960,-5310,-6103,-4205,-29968,-29972,-29971,-29975,-29975,-29975,-29975,-29976,-29980,-29981,-29981,-29982,-29981,-29982,-29980,-29980]} 1. e4 c5 2. Nf3 d6 3. d4 cxd4 4. Nxd4 Nf6 5. Nc3 g6 6. g3 Nc6 7. Nde2 Bd7 8. Bg2 Qc8 9. h3 Bg7 10. Be3 {LiveBook: 14 Partien} h5 {B70: Sizilianisch (Drachen-Variante)} 11. b3 h4 {Und weiter mit ...hxg3 wäre nett.} 12. g4 Nxg4 $1 {Die Stellung ist ausgeglichen.} 13. hxg4 Bxg4 14. f3 h3 15. fxg4 hxg2 $146 ({Vorgänger:} 15... Qxg4 16. Qd2 hxg2 17. Rxh8+ Bxh8 18. O-O-O Rc8 19. Rg1 Ne5 20. Nd4 Rxc3 21. Qxc3 Nf3 22. Rxg2 Nxd4 23. Kb2 Qh3 24. Rh2 {1-0 (24) Orlov,V (2430)-Barhudarian,R (2099) St Petersburg 2005}) 16. Rxh8+ Bxh8 17. Kf2 Qxg4 {zielt auf ...Se5 ab.} 18. Qg1 Nb4 $36 {[%mdl 2048] Schwarz hat Druck.} 19. Rc1 $2 (19. Qxg2 $11 {und Weiss ist OK.} Qxg2+ 20. Kxg2) 19... Rc8 20. Bd2 Bxc3 $1 21. Nxc3 {[#]} Rxc3 $1 {[%mdl 512]} 22. Bxc3 Nxa2 23. Bb2 (23. Re1 $142 Nxc3 24. Qxg2) 23... Nxc1 $19 24. Qxc1 Qxe4 25. Qd2 Kd7 26. Kg1 f5 27. Qxg2 $2 (27. Bd4) 27... Qxg2+ 28. Kxg2 {[%mdl 4096] Endspiel KL-KB} e5 29. Kg3 g5 30. Bc1 {[#]} g4 $1 31. Kh4 (31. c4 $142 b5 32. cxb5) 31... d5 {[%cal Bd6d5,Bd5d4][%mdl 32]} 32. Bd2 d4 33. Be1 Ke6 34. Kg5 b6 {[%cal Bb7b6,Bb6b5][%mdl 32]} 35. Bf2 a6 (35... a5 $142 {Und ...b5 würde nun gewinnen.} 36. Be1 e4) 36. Bh4 (36. Be1 $142 a5 37. Kh4) 36... a5 37. Be1 b5 38. Bxa5 g3 {[%cal Bg4g3,Bg3g2][%mdl 32]} 39. Be1 g2 40. Bf2 {[#]} Kd5 $1 {[%cal Rd5e4]} 41. Kh4 f4 {[%cal Bf5f4,Bf4f3][%mdl 32] Schwarz setzt Matt.} 42. Kh3 f3 43. Kg3 e4 {[%cal Be5e4,Be4d3][%mdl 32]} 44. Bg1 Ke5 45. Bh2 d3 46. cxd3 exd3 47. Kxf3+ Kd4 48. Kf2 Kc3 {Precision: Weiß = 29%, Schwarz = 89%.} 0-1

[Event "XVIII Najdorf Open 2018"]
[Site "Warsaw"]
[Date "2018.07.14"]
[Round "7"]
[White "Aravindh, Chithambaram VR"]
[Black "Bartel, Mateusz"]
[Result "1/2-1/2"]
[WhiteElo "2580"]
[BlackElo "2604"]
[Annotator "TA"]
[PlyCount "120"]
[EventDate "2018.07.08"]
[EventCountry "POL"]
[SourceTitle "playchess.com"]
[Source "ChessBase"]
[SourceQuality "1"]

{[%evp 9,120,0,6,-6,-5,-19,-10,-12,0,0,0,-11,21,18,11,19,13,24,27,34,18,30,56,0,0,0,0,0,3,0,0,-6,-10,-13,0,-66,-57,-54,-52,-65,-55,-120,-82,-86,-81,-103,-105,-95,-92,-95,-98,-98,-97,-112,-74,-74,-74,-64,-72,-73,-60,-56,-50,-60,-29,-116,-113,-116,-39,-38,-33,-31,-67,-113,-118,-122,-127,-127,-148,-148,-156,-397,0,-81,-73,-73,-46,-73,-66,-74,-81,-81,-81,-81,-72,-87,-8,-8,-8,-8,-8,-8,0,0,0,0,0,0,0,0,0,0,0]} 1. c4 e6 2. Nc3 d5 3. d4 a6 4. cxd5 exd5 5. g3 (5. Nf3 Nf6 6. Bg5 Be6 7. e3 Nbd7 8. Bd3 Bd6 9. O-O c6 10. Bf4 Qc7 11. Bxd6 Qxd6 12. Qc2 {½-½ (12) Lenic,L (2659)-Berkes,F (2688) Velky Cetin 2018}) 5... Nf6 {LiveBook: 6 Games} 6. Bg5 {D31: Queen's Gambit Declined: Semi-Slav without ...Nf6 (+ Marshall Gambit and Noteboom) and Exchange Variation lines without ...Nf6} Be7 7. Bg2 c6 8. Qb3 $146 ({Predecessor:} 8. Nf3 O-O 9. O-O Ne4 10. Nxe4 dxe4 11. Bxe7 Qxe7 {0-1 (36) Hernandez Castro,J (1848)-Staniforth,M (1940) Ascot 2013}) 8... Ra7 9. Nf3 Be6 10. Ne5 h6 11. Bxf6 Bxf6 12. f4 Nd7 {[%cal Bb8d7,Bd7b6,Bb6d5][%mdl 32]} 13. Qc2 Nb6 14. O-O O-O 15. Rad1 Ra8 16. e4 ({Better is} 16. f5 $14 Bd7 17. e4) 16... dxe4 $11 17. Nxe4 Nd5 {...Ne3 is the strong threat.} 18. Qf2 Bf5 19. Nc5 Qc7 20. g4 Bxe5 21. fxe5 Bxg4 22. Rde1 (22. Rd3 $11) 22... Rad8 $15 23. Kh1 b6 24. Ne4 f5 {[%cal Bf7f5,Bf5f4][%mdl 32]} 25. Nc3 ({White should try} 25. Nd6 $15) 25... f4 26. Nxd5 cxd5 27. Qh4 Qd7 28. h3 Be6 29. Rxf4 Rxf4 30. Qxf4 Bxh3 31. Rf1 Be6 32. Rf3 Qe8 33. Bf1 Rd7 34. Qh4 Qc8 35. Rc3 Qf8 36. Bh3 Re7 37. Rc6 (37. Bxe6+ $11 Rxe6 38. Qg4) 37... Bxh3 $17 38. Qxh3 {[%mdl 4096] Endgame KQR-KQR} Qf2 (38... Qf4 $1 $17 39. Rc8+ Kh7 40. Qd3+ g6) 39. Rc8+ $1 $15 Kh7 40. Qd3+ g6 {And now ...Qh4+ would win.} 41. Rc6 Qh4+ 42. Kg2 Qg4+ 43. Qg3 Qe4+ 44. Kh2 Rf7 $1 {[%cal Rf7f3]} 45. e6 $2 (45. Rf6 $17 Rxf6 46. exf6) 45... Re7 $2 (45... Qe2+ $1 $19 46. Qg2 Qh5+ 47. Kg1 Rf4 48. Rc7+ Kh8 49. Rc8+ Kg7 50. Rc7+ Kf8 51. Rf7+ Rxf7 52. exf7 Kxf7 53. Qf1+ Qf5 54. Qxa6 Qg4+ 55. Kf2 Qxd4+ 56. Kg3 Qe5+ 57. Kh3 Qd6) 46. Qe5 (46. Qd6 $1 $11 {keeps the balance.} Qh4+ 47. Kg2) 46... Qxe5+ $1 $17 47. dxe5 {[#] KR-KR} g5 $1 {Threatens to win with ...Kg6.} 48. Rxb6 Kg6 49. Rxa6 Kf5 50. a4 Kxe5 ({Of course not} 50... Rxe6 $6 51. Rxe6 Kxe6 52. a5 $11) 51. a5 d4 {aiming for ...d3.} 52. Kg3 {[#]} d3 ({Reject} 52... Rxe6 $6 53. Rxe6+ Kxe6 54. a6 $11) (52... h5 $1 $17 {Hoping for ...h4+.} 53. Rb6 h4+ 54. Kg4 d3) 53. Kf2 $1 $11 {The position is equal.} g4 54. Ra8 $1 Kxe6 {White must now prevent ...g3+!} 55. a6 $1 g3+ 56. Kxg3 d2 57. Rd8 Rd7 58. Rxd7 Kxd7 59. a7 d1=Q {( -> ...Qg1+)} 60. a8=Q Qb3+ {Precision: White = 62%, Black = 67%.} 1/2-1/2

[Event "XVIII Najdorf Open 2018"]
[Site "Warsaw"]
[Date "2018.07.14"]
[Round "7"]
[White "Sengupta, Deep"]
[Black "Dhulipalla, Bala Chandra Prasad"]
[Result "1/2-1/2"]
[WhiteElo "2565"]
[BlackElo "2268"]
[Annotator "TA"]
[PlyCount "125"]
[EventDate "2018.07.08"]
[EventCountry "POL"]
[SourceTitle "playchess.com"]
[Source "ChessBase"]
[SourceQuality "1"]

{[%evp 27,125,35,33,49,57,48,54,60,50,51,57,38,53,0,0,0,20,20,22,-45,-31,-63,-75,-68,0,0,0,0,0,0,0,3,6,0,26,26,26,26,26,26,29,14,16,0,29,26,31,11,26,0,5,0,32,16,22,14,9,0,0,0,11,0,0,0,0,0,0,0,0,0,0,0,0,0,0,0,0,0,0,0,0,0,0,0,0,0,0,0,0,0,0,0,0,0,0,0,0,0,0,0]} 1. c4 e5 2. Nc3 Nf6 3. Nf3 Nc6 4. e3 Bb4 5. Qc2 O-O 6. Nd5 Re8 7. Qf5 d6 8. Nxf6+ Qxf6 9. Qxf6 gxf6 10. a3 Bc5 11. b4 Bb6 {A28: Englische Eröffnung (Vierspringer-Variante)} 12. Bb2 a5 (12... Ne7 13. d4 c6 14. c5 dxc5 15. dxc5 Bc7 16. Nd2 f5 17. e4 Be6 18. f3 Red8 19. Nc4 {½-½ (69) Kulaots,K (2573)-Neiksans,A (2584) Sweden 2018}) 13. b5 Ne7 14. Be2 c6 {LiveBook: 7 Partien} 15. d4 {[%cal Bd2d4,Bd4e5][%mdl 32]} cxb5 16. c5 dxc5 17. Bxb5 Rd8 {[%cal Rc5d4]} 18. dxe5 f5 $146 ({Vorgänger:} 18... fxe5 19. Nxe5 {½-½ (37) Penzold,A (2376)-Bruedigam,M (2312) Germany 2014}) 19. Nd2 Be6 20. Nc4 ({Besser ist} 20. Ke2 $14) 20... Bc7 $11 21. Rc1 Nc6 {Droht ...Sa7.} 22. Nd6 Nxe5 23. Bxe5 ({Günstiger ist} 23. Nxb7 $11 Rdb8 24. Rxc5) 23... Bxd6 $15 24. Bxd6 Rxd6 25. Rxc5 Rad8 (25... a4 $1 $15 26. Ke2 Ra5) 26. O-O $11 Rd5 27. Rxd5 Rxd5 {[%mdl 4096] Endspiel KTL-KTL} 28. Rb1 Rd6 29. a4 Kg7 30. Kf1 Kf6 31. Ke2 b6 32. Rc1 Ke5 33. Rc7 Kf6 34. Kf3 Ke5 35. Ke2 Kf6 36. h3 Bb3 37. f3 Ke5 38. Be8 Rd8 39. Bb5 Rd6 40. Re7+ Be6 {Die Stellung ist ausgeglichen.} 41. Re8 f4 42. Rg8 h6 43. h4 Bb3 44. exf4+ Kxf4 45. g3+ Ke5 46. Ke3 Kd5 47. Rc8 Re6+ 48. Kd3 Rf6 49. Ke3 Re6+ 50. Kf2 Kd4 51. g4 Bd5 $1 52. Rc1 Rf6 53. Rd1+ Ke5 54. Rd3 Rf4 55. Re3+ Kf6 56. Rd3 Ke5 57. Be8 Rb4 58. Ke3 {f4+! ist eine echte Drohung.} Be6 59. h5 Rc4 60. Bb5 Rb4 61. Rc3 Bd5 62. Rd3 Be6 63. Rc3 {Precision: Weiß = 53%, Schwarz = 79%.} 1/2-1/2

[Event "XVIII Najdorf Open 2018"]
[Site "Warsaw"]
[Date "2018.07.14"]
[Round "7"]
[White "Markowski, Tomasz"]
[Black "Molenda, Marcin"]
[Result "1-0"]
[WhiteElo "2561"]
[BlackElo "2382"]
[Annotator "TA"]
[PlyCount "41"]
[EventDate "2018.07.08"]
[EventCountry "POL"]
[SourceTitle "playchess.com"]
[Source "ChessBase"]
[SourceQuality "1"]

{[%evp 18,41,45,42,29,32,57,57,66,63,58,56,59,57,76,75,77,47,139,146,388,379,518,522,540,526]} 1. c4 e5 2. g3 Nf6 3. Bg2 Nc6 4. Nc3 Bb4 5. Nd5 Bc5 6. e3 O-O 7. Ne2 {[%cal Bg1e2,Be2c3,Bc3d5][%mdl 32]} Nxd5 8. cxd5 Ne7 {A25: English Opening vs King's Indian with ...Nc6 but without early d3} 9. O-O c6 (9... d6 10. d4 exd4 11. Nxd4 Nf5 12. Ne2 Qf6 13. Rb1 a5 14. b3 Bd7 15. Bb2 Qh6 16. e4 Ne7 17. Bd4 b6 18. Qc1 Qh5 19. Nf4 {0-1 (39) Ivanchuk,V (2738)-Nepomniachtchi,I (2732) Leuven 2017}) 10. Nc3 {LiveBook: 3 Games} d6 {White is slightly better.} 11. d4 Bb4 $146 ({Predecessor:} 11... Bb6 12. dxc6 bxc6 {0-1 (25) Gunter,D (2145)-Lalic,S (2405) St Helier 1997}) 12. dxc6 Nxc6 13. Nd5 Ba5 14. dxe5 dxe5 15. b3 {[%cal Bb2b3,Bb3b4,Bb4a5][%mdl 32]} Be6 16. Ba3 Re8 17. Rc1 (17. b4 $5 {[%cal Rb4a5]} Ne7 18. Nc3 $14 (18. bxa5 Nxd5 19. Qd2 Qd7 $14)) 17... Qg5 {[#]} (17... Qd7 $14) 18. b4 $1 $36 {[%cal Rb4a5][%mdl 2048] White is on the roll.} Rad8 $2 (18... e4 $16) 19. h4 $18 ({Less strong is} 19. bxa5 e4 $18) 19... Qg6 20. bxa5 e4 21. Rxc6 1-0

[Event "XVIII Najdorf Open 2018"]
[Site "Warsaw"]
[Date "2018.07.14"]
[Round "7"]
[White "Klekowski, Maciej"]
[Black "Bronowicki, Mateusz"]
[Result "1-0"]
[WhiteElo "2511"]
[BlackElo "2288"]
[Annotator "TA"]
[PlyCount "77"]
[EventDate "2018.07.08"]
[EventCountry "POL"]
[SourceTitle "playchess.com"]
[Source "ChessBase"]
[SourceQuality "1"]

{[%evp 9,77,0,-2,0,55,-15,0,-7,0,-33,11,-13,73,79,281,262,215,26,75,61,39,11,5,0,0,0,52,52,75,-23,0,-22,0,0,0,0,51,6,97,33,326,49,101,102,140,25,69,63,158,162,226,213,197,189,224,58,58,59,51,8,10,12,438,433,651,601,738,738,767,758]} 1. c4 e5 2. Nc3 Nc6 3. Nf3 Bb4 4. Nd5 a5 (4... e4 5. Ng1 Nf6 6. a3 Be7 7. e3 Nxd5 8. cxd5 Ne5 9. Qc2 f5 10. d4 Ng4 11. Ne2 O-O 12. Nc3 {1-0 (61) Kovacevic,B (2480)-Bosiocic,M (2566) Porec 2016}) 5. Nxb4 axb4 6. d4 {A27: English Opening: Three Knights Variation} d5 $146 (6... d6 $11) ({Predecessor:} 6... e4 7. Nd2 f5 8. Nb3 d5 9. cxd5 Qxd5 10. Bf4 Nge7 11. Bxc7 O-O 12. e3 {0-1 (27) Maliszewski,J (2012)-Stross,F (2235) Liberec 2003}) 7. e3 (7. Nxe5 $14 Nge7 8. Nxc6 Nxc6 9. c5) 7... exd4 8. Nxd4 {The position is equal.} Nf6 9. Bd2 {White wants to play Nxc6.} Ne4 {And now ...Qf6 would win.} 10. Nxc6 Qf6 (10... Qh4 $11 {remains equal.} 11. Qf3 (11. g3 Qf6 $11) 11... Nxd2 12. Qxd5 (12. Kxd2 bxc6 13. g3 Qe7 $15) 12... Nxf1) 11. f3 $16 Bg4 $2 (11... Nxd2 $16 12. Qxd2 bxc6) 12. Nd4 $18 c5 13. Qe2 $2 (13. Qc2 $18 b3 14. Qxb3 (14. Nxb3 Bxf3 15. gxf3 Qxf3 $18) 14... Nxd2 15. Kxd2 cxd4 16. fxg4) 13... cxd4 14. fxg4 {Hoping for g5.} ({Much worse is} 14. cxd5 d3 $11) 14... O-O 15. Qf3 {Threatens to win with Qxf6.} dxe3 16. Bc1 Qe5 $1 17. Be2 d4 (17... f5 $1 $11) 18. O-O $14 Nc5 19. Rd1 (19. Qd5 $16 Qxd5 20. cxd5) 19... Rfd8 20. Bd3 Rd6 21. Qf5 Qxf5 22. gxf5 g6 ({Black should try} 22... b3 $11) 23. Kf1 b6 (23... gxf5 $11 24. Bxf5 Re8) 24. Ke2 (24. Bb1 $16 Rdd8 25. b3) 24... Nb3 $2 {[%mdl 8192]} ({Black should play} 24... gxf5 $1 $14 25. Bxf5 Re8) 25. Rb1 $2 ({Worse is} 25. axb3 Rxa1 26. Be4 gxf5 $14) ({Better is} 25. Bxe3 $18 Nxa1 26. Bf4) 25... Rxa2 26. Be4 $1 gxf5 27. Bxf5 (27. Bc2 $1 $16 {[%cal Rc2b3]} Nxc1+ 28. Rdxc1) 27... Rf6 28. g4 h5 (28... Rh6 $14) 29. h3 $16 {[%cal Bh2h3,Bh3g4][%mdl 32]} hxg4 (29... h4 $142 30. Kf3 Rc6) 30. hxg4 $18 Rh6 31. Kf3 $1 Rh2 {[#]} 32. Rd3 $2 (32. Kg3 $1 $18 {[%cal Rg3h2]} Re2 33. Rd3 Nxc1 34. Rxc1) 32... e2 $1 $14 {[%cal Re2e1]} 33. Bf4 Rxb2 $1 34. Bxh2 (34. Re1 $5 {[%cal Rf4h2]} Rh3+ 35. Kf2 Rxd3 36. Bxd3 $16) 34... Rxb1 35. Bg3 ({Reject} 35. Kxe2 Nc1+ 36. Kd2 Nxd3 $17) 35... Nc1 $2 {[%mdl 8192] [#]} (35... f6 $11) 36. Re3 $1 $18 {[%cal Re3e8] Black must now prevent Re8+.White is clearly winning.} dxe3 (36... Rb2 $142) 37. Bxb1 b3 38. Kxe3 Na2 39. Be1 {Precision: White = 31%, Black = 23%.} 1-0

[Event "XVIII Najdorf Open 2018"]
[Site "Warsaw"]
[Date "2018.07.14"]
[Round "7"]
[White "Socko, Monika"]
[Black "Smirnov, Anton"]
[Result "1/2-1/2"]
[WhiteElo "2458"]
[BlackElo "2523"]
[Annotator "TA"]
[PlyCount "80"]
[EventDate "2018.07.08"]
[EventCountry "POL"]
[SourceTitle "playchess.com"]
[Source "ChessBase"]
[SourceQuality "1"]

{[%evp 26,80,-20,-20,-14,-35,-29,-23,0,-6,-9,-2,13,0,6,-13,0,-16,2,0,31,-19,16,-9,15,0,0,0,35,25,25,25,56,13,13,13,5,0,0,0,5,-79,-77,-87,-87,-96,-54,-48,-52,-56,-30,-34,0,0,0,0,0]} 1. e4 e5 2. Nf3 Nc6 3. Bb5 a6 4. Bxc6 dxc6 5. O-O Bd6 6. d4 exd4 7. Qxd4 f6 8. Be3 Be6 9. Nbd2 Ne7 10. Rfd1 Ng6 {C68: Ruy Lopez: Exchange Variation, sidelines} 11. Nc4 Bxc4 12. Qxc4 Qe7 13. Bd4 O-O-O 14. Re1 {[#] LiveBook: 6 Games} Rd7 $146 ({Predecessor:} 14... Rhe8 15. a4 Qd7 16. h3 Re7 17. Rad1 Qe8 18. Bc3 {½-½ (38) Socko,B (2627)-Sasikiran,K (2684) Warsaw 2008}) 15. Rab1 Rhd8 16. a4 Qf7 (16... c5 {keeps more tension.} 17. Be3 Re8 18. Qc3 b6 19. g3 Kb7) 17. Qxf7 Rxf7 18. g3 b5 19. b3 Rfd7 20. Re2 Bb4 21. Bb2 Re8 22. Kg2 Kb7 23. h4 h5 24. Nd4 Ne5 25. Nf5 g6 26. Ne3 Re6 27. axb5 axb5 28. Rd1 Rde7 29. c4 bxc4 30. bxc4 Bc5 31. Bd4 Bxd4 32. Rxd4 Nf7 33. Nd1 (33. Rb2+ $11 Kc8 34. f3) 33... c5 $17 34. Rd5 Rxe4 35. Rc2 c6 36. Rb2+ Kc7 37. Rxc5 R7e5 38. Nc3 Rxc5 (38... Re1 $5 {[%cal Re5c5]} 39. Nb5+ Kb6 40. Rxe5 Nxe5 41. Nd6+ Kc5 $15) 39. Nxe4 Rxc4 40. Nxf6 Kd6 {Precision: White = 34%, Black = 34%.} 1/2-1/2

[Event "XVIII Najdorf Open 2018"]
[Site "Warsaw"]
[Date "2018.07.14"]
[Round "7"]
[White "Romanishin, Oleg M"]
[Black "Havelka, Josef"]
[Result "1/2-1/2"]
[WhiteElo "2440"]
[BlackElo "2349"]
[Annotator "TA"]
[PlyCount "180"]
[EventDate "2018.07.08"]
[EventCountry "POL"]
[SourceTitle "playchess.com"]
[Source "ChessBase"]
[SourceQuality "1"]

{[%evp 19,180,0,0,-4,34,34,34,45,32,16,45,46,48,54,41,33,44,63,37,41,34,34,37,37,44,36,126,106,137,132,122,67,127,118,156,167,241,234,250,269,256,97,269,247,239,152,141,141,131,52,52,52,52,52,52,0,0,0,52,52,52,52,52,52,52,0,0,0,0,0,0,0,8,8,8,8,8,8,8,8,8,8,8,8,8,8,8,8,176,0,0,0,0,0,0,0,0,0,0,0,0,0,0,0,0,0,0,0,0,0,0,0,18,60,67,67,67,67,67,0,0,0,8,8,8,0,0,0,8,8,8,8,8,8,8,0,8,8,8,8,8,8,8,8,8,8,8,0,8,0,8,8,8,8,8,8,8,8,8,8,8,8,8]} 1. d4 d5 2. Nf3 Nf6 3. c4 c6 4. Nc3 a6 5. g3 b5 6. cxd5 cxd5 7. Bg2 {D15: Slav Defence: 4 Nc3 a6 and gambit lines after 4 Nc3 dxc4} e6 8. O-O Bb7 9. Bg5 Nbd7 10. Ne5 {[%cal Bf3e5,Be5d3,Bd3c5][%mdl 32]} Be7 {LiveBook: 3 Games} 11. Nd3 Ne4 $146 ({Predecessor:} 11... Rc8 12. Rc1 O-O 13. b4 Bc6 14. Nc5 a5 {1-0 (24) Romanishin,O (2546)-Moncelli,G (2147) Bratto 2007}) 12. Bxe7 Qxe7 13. Rc1 Nd6 14. Nc5 {next e4 is good for White.} O-O 15. e4 dxe4 16. Nxb7 ({Much weaker is} 16. N3xe4 Nxc5 17. dxc5 Nxe4 $15) 16... Nxb7 17. Nxe4 Rac8 18. Rxc8 Rxc8 19. d5 exd5 20. Qxd5 Rc7 21. Re1 h6 22. Qd2 Nf6 ({Black should play} 22... Qd8 $14) 23. h4 $16 {[%cal Bh2h4,Bh4h5,Bh5g6][%mdl 32]} ({Resist} 23. Nxf6+ Qxf6 24. Re8+ Kh7 $14) 23... Nc5 {[%cal Rc5e4]} 24. Nxf6+ Qxf6 25. Re8+ Kh7 {[#]} 26. h5 $1 g5 {[#]} 27. hxg6+ $1 fxg6 (27... Kxg6 $142 28. Bd5 Re7 29. Rg8+ Kh7) 28. Qd5 $18 {[%csl Ge8][%cal Rd5g8]} h5 29. b4 Nd7 30. Qg8+ ({Don't play} 30. Rc8 Ra7 $18) 30... Kh6 31. Re6 Qg7 32. Qxg7+ Kxg7 33. Rxa6 {[%mdl 4096] Endgame KRB-KRN} Ne5 34. Re6 (34. Be4 $16) 34... Rc1+ $14 35. Bf1 $1 Nf3+ $1 36. Kg2 Ne1+ $1 37. Kg1 Nf3+ 38. Kg2 Ne1+ $1 39. Kh3 Nf3 {White must now prevent ...Ng5+.} 40. Re7+ Kf6 41. Re3 Nd4 42. Rd3 ({Better is} 42. Bd3 $14) 42... Rxf1 $11 {KRN-KR} 43. Kg2 Rb1 44. Rxd4 {KR-KR} Ke5 45. Rh4 Rb2 46. a3 Rb3 47. g4 hxg4 48. Rxg4 Rxa3 49. Rg5+ Kf4 50. Rxb5 Rb3 51. Rb8 g5 52. b5 Kf5 53. b6 {Threatens to win with b7.} Kg6 $2 (53... Kf6 $11 {and Black stays safe.} 54. b7 Kg7) 54. f3 $2 ({White should try} 54. b7 $18 Kg7 55. Kf1) 54... Kg7 55. Kg3 Rb4 56. Kf2 {And now Ke3 would win.} Rb3 57. Ke2 Kh7 $1 58. Rb7+ Kg6 59. Rb8 Kg7 60. b7 Kh7 61. Kd2 {Strongly threatening Kc2.} Kg7 62. Kc2 (62. f4 $5 gxf4 63. Kd1 $11) 62... Rb6 63. Kc3 {Hoping for Kc4.} Rb1 64. Kc4 Rc1+ 65. Kd5 Rd1+ 66. Ke6 {Threatening mate with Rg8+!} Rb1 67. Kf5 Rb5+ $1 68. Kg4 $1 {f4 is the strong threat.} Kh7 $1 69. Rf8 ({White must play} 69. f4 $14 gxf4 70. Kxf4) 69... Rxb7 {The position is equal.} 70. Rf5 Rb4+ 71. Kxg5 Kg7 72. f4 Rb6 73. Rd5 Kf7 74. Rd7+ Kf8 75. f5 Ra6 76. Rh7 Kg8 77. Rd7 Kf8 78. Rd4 Kg7 79. Rb4 Kf7 80. Rb5 Ra7 81. Rb6 {Black should prevent Rf6+.} Kg7 82. Rg6+ Kf8 83. Rh6 Kg8 84. Kg6 Rg7+ 85. Kf6 Rf7+ 86. Ke6 {White threatens Rh8+! and mate.} Ra7 {aiming for ...Ra6+.} 87. Rh1 Ra6+ 88. Ke7 Ra7+ 89. Kf6 Ra6+ 90. Kg5 $1 Rb6 {Precision: White = 71%, Black = 67%.} 1/2-1/2